| 000 | 00442nam a22001817a 4500 | ||
|---|---|---|---|
| 003 | OSt | ||
| 005 | 20180116183005.0 | ||
| 008 | 150805b xxu||||| |||| 00| 0 eng d | ||
| 020 | _a9788131731802 | ||
| 040 | _c0 | ||
| 082 | _a657 RAJ 2013 | ||
| 100 | _aV. Rajasekaran | ||
| 245 |
_aFinancial Accounting _cV. Rajasekaran |
||
| 260 |
_aIndia _bPearson _c2013 |
||
| 300 |
_a1050 p. _bPB |
||
| 440 | _aFinancial Accounting | ||
| 942 |
_2ddc _cBK |
||
| 999 |
_c350007 _d350007 |
||